000 00431 a2200145 4500
999 _c4183
_d4183
020 _a9780521533379
050 _aPE1068.14ENG2003
100 _aToner, Helen
245 _aAs level english language and literature /
_cHelen Toner and Elizabeth Whittome
264 _aCambridge
_bUniversity Press
_c2003
300 _a234p.
500 _aIncludes index
650 _aEnglish language---literature
942 _2lcc
_cBK
_h1068.14
_iENG
_kPE